LEADER 01282nam a2200313 u 4500 001 000000025659 003 CaOOAMICUS 005 20070226111504.0 008 951013s1995 fr u000 u lat u 020 $a2711612341 035 $a10658850 040 $aEFR$bita 041 0 $alat$afre 100 0 $aIohannes de Rupella,$cO.F.M.,$dc. 1200-1245.$0(OLS)http://pul/name/15013 245 10$aSumma de anima /$cJean de la Rochelle ; texte critique avec introduction, notes et tables publié par Jacques Guy Bougerol. 260 $aParis :$bVrin,$c1995. 300 $a298 p. ;$c25 cm 490 1 $aTextes philosophiques du Moyen Age ;$v19 500 $aTexte latin. 500 $aIndex: p. 291-298. 504 $aBibliographie: p. 42-43 et en note. 700 1 $aBougerol, Jacques Guy,$cO.F.M.,$d1908-$0(OLS)http://pul/name/5334 830 0$aTextes philosophiques du Moyen Age ;$v19.$0(OLS)http://pul/title/2107 850 $aPUL 852 $aPUL$W1$xDP1 Religione 1$y20$m481 C 69$j35853$nBK-PRI$b $qStampati$B35853$CPULBib$Z2$F35853 $H92053 $81 941 1 $a8 996 $6020$a2711612341$9(OLS)http://pul/number/31983 996 $6245$aSumma de anima$9(OLS)http://pul/title/35337 996 $6260$aParis :$bVrin$9(OLS)http://pul/publisher/50780 LEADER 01504nam a2200337 u 4500 001 000000060255 003 CaOOAMICUS 005 20070226120906.0 008 010718s1968 enk u000 u eng u 035 $a10897635 040 $aPUL(R)$bita 100 0 $aIoannes Henricus Newman,$csanto,$d1801-1890.$0(OLS)http://pul/name/8149 245 10$aSermons preached on various occasions /$cby John Henry Cardinal Newman. 246 38$aWorks of Cardinal Newman 260 $aLondon :$bChristian classics,$c1968. 300 $axi, 337 p. ;$c18 cm 500 $a"New impression". 600 04$aIohannes Henricus Newman,$cs.,$d1801-1890.$0(OLS)http://pul/subject/4993 850 $aPUL 852 $aPUL$W1$xSL Religione 2$y84$mTheol D3 4a.14$j78503$nBK-PRI$b $qStampati altre collocazioni$B78503$CPULBib$Z2$F78503 $H $81 900 $aNewman, John Henry$ccard.,$d1801-1890$98149 900 $aIohannes Henricus Newman,$csanto,$d1801-1890$98149 900 $aJohannes Henricus Newman,$cs.,$d1801-1890$98149 941 1 $a10 960 $aNewman, John Henry,$ccard.,$d1801-1890$94993 960 $aIoannes Henricus Newman,$cs.,$d1801-1890$94993 960 $aJohannes Henricus Newman,$cs.,$d1801-1890$94993 961 $aINV: 42420 996 $6245$aSermons preached on various occasions$9(OLS)http://pul/title/80558 996 $6246$aWorks of Cardinal Newman$9(OLS)http://pul/title/80546 996 $6260$aLondon :$bChristian classics$9(OLS)http://pul/publisher/69883